000 00321nam a22001457a 4500
008 230926b ||||| |||| 00| 0 eng d
020 _a6854152
041 _aeng
080 _a316
082 _a316ROS
100 _a24
101 _aSOCIOLO
245 _aTHE LOGIC OF SURVEY ANALYSIS
_cROSENBERG .M
942 _2udc
_cBK
999 _c60399
_d60399